000
00252nmm a2200085Ia 4500
008
220120s9999||||xx |||||||||||||||||und||
100
_a
PCQ-October-2005
_9
10814
245
0
_a
Exclusive 30 minutes tech video, highres photos of products
260
_b
New Delhi
999
_c
138707
_d
138707